000
00208nam a2200085Ia 4500
008
180219s9999 xx 000 0 und d
100
_a
Sharma R A
245
0
_a
Managing Curriculum
260
_a
Vinay Rakheja R. Lall Meerut
260
_c
2012
999
_c
42226
_d
42226